[Event "Kurz-Open"]
[Site "Buchen"]
[Date "2017.09.09"]
[Round "2.12"]
[White "Trunk, Mika"]
[Black "Dosch, Steffen"]
[Result "0-1"]
[WhiteElo "1572"]
[BlackElo "1824"]
[PlyCount "78"]
[EventDate "2017.??.??"]

1. e4 e5 2. Nf3 Nc6 3. Bc4 Nf6 4. d3 d6 5. O-O Bg4 6. c3 Qd7 7. Re1 O-O-O 8. b4
d5 9. exd5 Nxd5 10. Bb5 f6 11. Bb2 Nf4 12. d4 exd4 13. Bxc6 Qxc6 14. cxd4 Bxb4
15. Re3 Rd7 16. Nc3 Rhd8 17. Ne2 Ne6 18. Qb3 Ba5 19. h3 Bxf3 20. Rxf3 Bb6 21.
Rc1 Qd5 22. Qa4 Nxd4 23. Nxd4 Bxd4 24. Bxd4 Qxd4 25. Qb5 Qb6 26. Qf5 g6 27. Qe4
f5 28. Qe5 Rd1+ 29. Rxd1 Rxd1+ 30. Kh2 Qd6 31. Re3 Kd7 32. f4 Qxe5 33. fxe5 Ke6
34. Rc3 c6 35. Rb3 Rd7 36. Re3 Rd5 37. Ra3 a6 38. Rb3 Rb5 39. Rd3 Rxe5 0-1

[Event "Kurz-Open"]
[Site "Buchen"]
[Date "2017.09.09"]
[Round "2.13"]
[White "Simon, Manuel"]
[Black "Link, Klaus"]
[Result "0-1"]
[WhiteElo "1582"]
[BlackElo "1998"]
[PlyCount "38"]
[EventDate "2017.??.??"]

1. c4 e5 2. Nc3 Nf6 3. g3 c6 4. Bg2 Bb4 5. Qc2 O-O 6. Nf3 Re8 7. O-O e4 8. Nd4
d5 9. cxd5 cxd5 10. d3 Qb6 11. e3 Nc6 12. Nde2 exd3 13. Qxd3 Bxc3 14. Nxc3 Be6
15. Rd1 Rad8 16. b3 d4 17. Ne2 dxe3 18. Qc2 exf2+ 19. Kf1 Nb4 0-1

[Event "Kurz-Open"]
[Site "Buchen"]
[Date "2017.09.09"]
[Round "2.14"]
[White "Englert, Fred"]
[Black "Ensslinger, Colin"]
[Result "1-0"]
[WhiteElo "1786"]
[BlackElo "1493"]
[PlyCount "53"]
[EventDate "2017.??.??"]

1. c4 c5 2. g3 g6 3. Bg2 Bg7 4. Nc3 Nc6 5. Nf3 d6 6. O-O Nf6 7. d4 O-O 8. h3 b6
9. dxc5 dxc5 10. Ne5 Nxe5 11. Bxa8 Bxh3 12. Bg2 Bxg2 13. Kxg2 Nxc4 14. Qa4 Qa8+
15. f3 Nd6 16. e4 Nh5 17. g4 Bxc3 18. bxc3 Ng7 19. Rd1 b5 20. Qc2 a6 21. Ba3
Qc6 22. Qf2 Rc8 23. Rd5 Ne6 24. Bc1 c4 25. Be3 Nb7 26. Qh4 Re8 27. Rh1 1-0

[Event "Kurz-Open"]
[Site "Buchen"]
[Date "2017.09.09"]
[Round "2.15"]
[White "Lorch, Stephan"]
[Black "Schnell, Franz"]
[Result "1-0"]
[WhiteElo "1327"]
[BlackElo "1776"]
[Annotator "RS"]
[PlyCount "113"]
[EventDate "2017.??.??"]

1. Nf3 d5 2. c4 d4 3. b3 c5 4. g3 Nc6 5. Bg2 Nf6 6. O-O e5 7. d3 Be7 8. e3 O-O
9. exd4 exd4 10. a3 a5 11. Ra2 h6 12. Bf4 Bd6 13. Bxd6 Qxd6 14. Re2 Bg4 15. h3
Bf5 16. Qd2 Rfe8 17. Rfe1 Rxe2 18. Rxe2 Re8 19. Rxe8+ Nxe8 20. Qe2 Nf6 21. Nbd2
b6 22. Nh4 Be6 23. Ne4 Nxe4 24. Qxe4 Ne5 25. f4 Ng6 26. Nxg6 fxg6 27. Qxg6 Qd7
{Remisangebot.} 28. g4 Qe7 29. Be4 Kf8 30. f5 Bf7 31. Qxb6 Qh4 32. Qxc5+ Kg8
33. Qxd4 Qxh3 34. Bg2 Qg3 35. Qe4 Kf8 36. b4 axb4 37. axb4 Be8 38. b5 Qd6 39.
d4 Qb4 40. d5 Qd6 41. Kf2 Qc5+ 42. Kg3 Qa3+ 43. Kf4 Qc1+ 44. Kg3 Qc3+ 45. Bf3
Qc1 46. d6 Qg1+ 47. Bg2 Qa7 48. Qe7+ Qxe7 49. dxe7+ Kxe7 50. Kf4 Kd6 51. b6 Bd7
52. b7 Kc7 53. Ke5 Kb8 54. Kd6 Ba4 55. Bf3 Bb3 56. c5 Bc2 57. c6 1-0

[Event "Kurz-Open"]
[Site "Buchen"]
[Date "2017.09.09"]
[Round "2.16"]
[White "Doerr, Matthias"]
[Black "Gruenert, Thomas"]
[Result "0-1"]
[WhiteElo "1396"]
[BlackElo "1749"]
[PlyCount "98"]
[EventDate "2017.??.??"]

1. e4 c5 2. Nf3 e6 3. Nc3 a6 4. d4 cxd4 5. Nxd4 Bb4 6. Bd2 Nc6 7. a3 Bf8 8. Be3
Qf6 9. Nf3 h6 10. Bc4 Nge7 11. O-O Ng6 12. Qe2 d6 13. Rad1 Bd7 14. a4 Rc8 15.
Rd2 Nf4 16. Bxf4 Qxf4 17. Rfd1 Ne5 18. Nxe5 Qxe5 19. f3 Qc5+ 20. Kf1 Qxc4 21.
Qxc4 Rxc4 22. Rd3 Be7 23. e5 d5 24. b3 Rc7 25. f4 O-O 26. g4 f5 27. h3 Rfc8 28.
Nxd5 exd5 29. Rxd5 Be6 30. gxf5 Bxf5 31. c4 Bxh3+ 32. Kf2 Bh4+ 33. Ke3 Bf5 34.
Rd6 Be7 35. R1d5 Bxd6 36. exd6 Re8+ 37. Kd4 Rf7 38. a5 Bd7 39. b4 Rxf4+ 40. Kc5
Rc8+ 41. Kb6 Rfxc4 42. b5 axb5 43. a6 bxa6 44. Kxa6 b4 45. Kb6 b3 46. Kb7 Rb4+
47. Ka7 Bc6 48. Rb5 Rxb5 49. d7 Ra8# 0-1

[Event "Kurz-Open"]
[Site "Buchen"]
[Date "2017.09.09"]
[Round "2.17"]
[White "Damrich, Alina"]
[Black "Kail, Oliver"]
[Result "1-0"]
[WhiteElo "1748"]
[BlackElo "1445"]
[PlyCount "45"]
[EventDate "2017.??.??"]

1. e4 e5 2. Nf3 Nc6 3. d4 exd4 4. Nxd4 Nf6 5. Nc3 Bb4 6. Nxc6 bxc6 7. Bd2 O-O
8. Bd3 Re8 9. f3 d5 10. O-O dxe4 11. Nxe4 Nxe4 12. Bxb4 Qd4+ 13. Kh1 Nf2+ 14.
Rxf2 Qxf2 15. Be4 Bb7 16. Qd7 Rxe4 17. fxe4 Qxc2 18. Bc3 Qxe4 19. Re1 Qxe1+ 20.
Bxe1 Rc8 21. Ba5 Kf8 22. Bxc7 Re8 23. Bd6+ 1-0

[Event "Kurz-Open"]
[Site "Buchen"]
[Date "2017.09.09"]
[Round "2.18"]
[White "Schumacher, Ralph"]
[Black "Erhardt, Kristian"]
[Result "1-0"]
[WhiteElo "1739"]
[BlackElo "1647"]
[Annotator "RS"]
[PlyCount "117"]
[EventDate "2017.??.??"]

1. g3 e5 2. Bg2 d6 3. d3 g6 4. Nd2 Bg7 5. e3 Ne7 6. Ne2 c5 7. O-O O-O 8. h3
Nbc6 9. Kh2 f5 10. f4 Rb8 11. Rb1 Be6 12. e4 Bxa2 13. Ra1 Be6 14. fxe5 Bxe5 15.
Nf3 Bg7 16. Ng5 Bd7 17. Nf4 Qc8 18. Nd5 h6 19. Nf3 a6 20. c3 Nxd5 21. exd5 Na7
22. Bf4 Qc7 23. Qd2 Kh7 24. d4 cxd4 25. Nxd4 Nb5 26. Ne6 Bxe6 27. dxe6 Rbe8 28.
Rae1 Re7 29. Bd5 Nxc3 30. Rc1 Rc8 31. bxc3 b5 32. c4 Qb8 33. Qb4 bxc4 34. Bxd6
Qxb4 35. Bxb4 Rec7 36. Rfe1 Bf6 37. e7 Re8 38. Bf7 Rexe7 39. Bxe7 Rxe7 40. Rxe7
Bxe7 41. Rxc4 Kg7 42. Bd5 a5 43. Kg2 Kf6 44. Kf3 Ke5 45. Bc6 g5 46. Be8 Kd5 47.
Rc6 a4 48. Rxh6 a3 49. h4 Ke5 50. Bf7 Bf6 {Remisangebot.} 51. hxg5 Bxg5 52.
Re6+ Kd4 53. Ra6 Bc1 54. Ra5 Kc3 55. Rc5+ Kb2 56. Rxc1 Kxc1 57. Kf4 Kb2 58.
Kxf5 a2 59. Bxa2 1-0

[Event "Kurz-Open"]
[Site "Buchen"]
[Date "2017.09.09"]
[Round "2.19"]
[White "Roegner, Lars"]
[Black "Nieke, Karl-Friedrich"]
[Result "0-1"]
[WhiteElo "1152"]
[BlackElo "1695"]
[PlyCount "52"]
[EventDate "2017.??.??"]

1. e4 d5 2. exd5 Qxd5 3. Nc3 Qa5 4. Nf3 Nf6 5. Bc4 Bf5 6. d3 c6 7. O-O h6 8.
Be3 e6 9. a3 Be7 10. Nd4 Bg4 11. Qd2 Nbd7 12. Ne4 Qxd2 13. Bxd2 Nxe4 14. dxe4
Nb6 15. Bd3 O-O 16. f4 Rad8 17. c3 c5 18. Be2 Bxe2 19. Nxe2 Rxd2 20. Nc1 Rfd8
21. Nb3 Rxb2 22. Na5 Rdd2 23. Rfb1 Rxg2+ 24. Kf1 Rbf2+ 25. Ke1 Bh4 26. Kd1 Rf1#
0-1

[Event "Kurz-Open"]
[Site "Buchen"]
[Date "2017.09.09"]
[Round "2.20"]
[White "Erhardt, Daniel"]
[Black "Kail, Thomas"]
[Result "0-1"]
[WhiteElo "990"]
[BlackElo "1648"]
[Annotator "RS"]
[PlyCount "58"]
[EventDate "2017.??.??"]

1. e4 c5 2. c4 Nc6 3. g3 g6 4. Bg2 Bg7 5. Nc3 e6 6. Nge2 Nge7 7. d3 a6 8. Rb1
b6 9. O-O Bb7 10. f4 O-O 11. b3 Nd4 12. Kh1 Nxe2 13. Nxe2 d5 14. Bb2 d4 15. Nc1
Qc7 16. Qg4 Rad8 17. Ne2 Bc6 18. Kg1 Qb7 19. Bf3 Rde8 20. e5 Nf5 21. Bxc6 Qxc6
22. Qf3 Qxf3 23. Rxf3 h5 24. a4 a5 25. Ba3 f6 26. exf6 {Remisangebot.} Rxf6 27.
b4 axb4 28. Bxb4 cxb4 29. Rxb4 e5 0-1

[Event "Kurz-Open"]
[Site "Buchen"]
[Date "2017.09.09"]
[Round "2.21"]
[White "Seeger, Alexandra"]
[Black "Elancev, Kai"]
[Result "1-0"]
[WhiteElo "1615"]
[BlackElo "1112"]
[PlyCount "51"]
[EventDate "2017.??.??"]

1. d4 d5 2. Bf4 Nc6 3. Nc3 Nf6 4. Nb5 e5 5. dxe5 Nxe5 6. Bxe5 Bd6 7. Nxd6+ cxd6
8. Bxf6 Qxf6 9. c3 Qe6 10. Nf3 h6 11. Nd4 Qe5 12. e3 O-O 13. Bd3 f5 14. Qb3 f4
15. e4 Kh8 16. Qxd5 Qxd5 17. exd5 Re8+ 18. Kd2 g5 19. Rae1 Bd7 20. Rxe8+ Rxe8
21. Re1 Re5 22. Rxe5 dxe5 23. Nf3 g4 24. Nxe5 f3 25. gxf3 Bc8 26. fxg4 1-0

[Event "Kurz-Open"]
[Site "Buchen"]
[Date "2017.09.09"]
[Round "3.1"]
[White "Zilberman, Polina"]
[Black "Gschnitzer, Adrian"]
[Result "0-1"]
[WhiteElo "2149"]
[BlackElo "2351"]
[PlyCount "60"]
[EventDate "2017.??.??"]

1. d4 Nf6 2. Nf3 d5 3. c3 c5 4. Bf4 Nc6 5. e3 Qb6 6. Qb3 c4 7. Qc2 Bf5 8. Qc1
g6 9. h3 Bg7 10. Be2 O-O 11. O-O Rfe8 12. Nbd2 Nd7 13. g4 Bd3 14. Bxd3 cxd3 15.
Nb3 f6 16. c4 Rac8 17. c5 Qa6 18. Qd2 e5 19. Bg3 Bh6 20. g5 Bxg5 21. Nxg5 fxg5
22. dxe5 Ndxe5 23. f4 Nc4 24. Qxd3 Nb4 25. Qc3 Rxe3 26. Qxb4 Rxg3+ 27. Kh2 Rd3
28. Rae1 g4 29. c6 Qxc6 30. Qe7 Rxh3+ 0-1

[Event "Kurz-Open"]
[Site "Buchen"]
[Date "2017.09.09"]
[Round "3.2"]
[White "Junesch, Gerhard"]
[Black "Simon, Jonathan"]
[Result "1-0"]
[WhiteElo "2289"]
[BlackElo "1973"]
[PlyCount "63"]
[EventDate "2017.??.??"]

1. Nf3 Nf6 2. c4 g6 3. Nc3 Bg7 4. e4 d6 5. d4 O-O 6. Be2 e5 7. Be3 Ng4 8. Bg5
f6 9. Bh4 g5 10. Bg3 Nh6 11. d5 a5 12. Nd2 f5 13. f3 f4 14. Bf2 Nd7 15. a3 Rf7
16. b4 Bf8 17. Nb3 axb4 18. axb4 Rxa1 19. Qxa1 Nf6 20. h3 Rg7 21. Qa8 b6 22. c5
bxc5 23. Ba6 cxb4 24. Nb5 Nf7 25. Qxc8 Qxc8 26. Bxc8 Nd8 27. Na5 h5 28. Ke2 g4
29. hxg4 hxg4 30. Rc1 gxf3+ 31. gxf3 Ne8 32. Rb1 1-0

[Event "Kurz-Open"]
[Site "Buchen"]
[Date "2017.09.09"]
[Round "3.3"]
[White "Adocchio, Giampiero"]
[Black "Hacker, Jonas"]
[Result "0-1"]
[WhiteElo "2143"]
[BlackElo "2276"]
[PlyCount "52"]
[EventDate "2017.??.??"]

1. d4 Nf6 2. Bf4 b6 3. e3 Bb7 4. Nd2 g6 5. h4 Bg7 6. Ngf3 c5 7. c3 d6 8. Bd3
Nbd7 9. Qe2 a6 10. e4 cxd4 11. cxd4 O-O 12. Bh2 Ng4 13. h5 Nxh2 14. Rxh2 e5 15.
hxg6 hxg6 16. O-O-O exd4 17. Rdh1 d5 18. Nh4 Ne5 19. f3 Qg5 20. f4 Qxf4 21. Rh3
Nxd3+ 22. Qxd3 dxe4 23. Qb3 Rfc8+ 24. Kb1 e3 25. Ndf3 Qe4+ 26. Ka1 Qc2 0-1

[Event "Kurz-Open"]
[Site "Buchen"]
[Date "2017.09.09"]
[Round "3.4"]
[White "Pepi, Lucas"]
[Black "Feldmann, Johannes"]
[Result "0-1"]
[WhiteElo "1874"]
[BlackElo "2208"]
[PlyCount "48"]
[EventDate "2017.??.??"]

1. e4 e6 2. d4 d5 3. exd5 exd5 4. Bd3 Nf6 5. Nc3 Bb4 6. Nge2 O-O 7. a3 Bd6 8.
Bg5 c6 9. Qd2 Re8 10. O-O-O b5 11. f3 a5 12. Na2 Nbd7 13. g4 b4 14. a4 c5 15.
b3 c4 16. bxc4 dxc4 17. Bxc4 Ba6 18. Bxa6 Rxa6 19. Qd3 Rc6 20. Kd2 Qc7 21. Rc1
h6 22. Bh4 Bf4+ 23. Nxf4 Qxf4+ 24. Kd1 Re3 0-1

[Event "Kurz-Open"]
[Site "Buchen"]
[Date "2017.09.09"]
[Round "3.5"]
[White "Reinhardt, Bernd"]
[Black "Rosenberger, Frank"]
[Result "0-1"]
[WhiteElo "2199"]
[BlackElo "2110"]
[PlyCount "50"]
[EventDate "2017.??.??"]

1. d4 d5 2. Nf3 c6 3. c3 Bf5 4. Bf4 e6 5. Qb3 Qb6 6. Nbd2 h6 7. e3 Nf6 8. h3
Nbd7 9. Be2 Be7 10. O-O O-O 11. c4 Qxb3 12. Nxb3 dxc4 13. Na5 Nd5 14. Bh2 c3
15. bxc3 Nxc3 16. Bc4 Nb6 17. Bb3 Bd3 18. Rfe1 Ba6 19. a3 Rac8 20. Kh1 c5 21.
Bc2 c4 22. e4 Rfd8 23. Re3 Nb5 24. Be5 f6 25. a4 Na3 0-1

[Event "Kurz-Open"]
[Site "Buchen"]
[Date "2017.09.09"]
[Round "3.6"]
[White "Stierle, Martin"]
[Black "Engel, Berthold"]
[Result "0-1"]
[WhiteElo "1866"]
[BlackElo "2177"]
[Annotator "RS"]
[PlyCount "128"]
[EventDate "2017.??.??"]

1. d4 Nf6 2. c4 e6 3. Nf3 Bb4+ 4. Bd2 Bxd2+ 5. Qxd2 O-O 6. Nc3 d6 7. g3 Qe7 8.
Bg2 c6 9. O-O Re8 10. e4 e5 11. Rfe1 Bg4 12. Nh4 c5 13. d5 Na6 14. f3 Bd7 15.
Bf1 Rf8 16. Nf5 Bxf5 17. exf5 Kh8 18. g4 Nc7 19. g5 Ng8 20. Bd3 f6 21. h4 Rae8
22. Ne4 fxg5 23. Qxg5 Nf6 24. Ng3 Qf7 25. b3 Re7 26. Ne4 Nce8 27. Ng3 Nc7 28.
Kg2 Rb8 29. h5 Rg8 30. Rh1 Nce8 31. Rae1 Qf8 32. Re2 Rf7 33. Rhe1 Nd7 34. Rh1
Nef6 35. Be4 h6 36. Qd2 Qd8 37. Ree1 Re8 38. Bb1 Nf8 39. Be4 N8h7 40. Bb1 Rfe7
41. Be4 Ng5 42. Qc3 Qd7 43. Qa5 b6 44. Qd2 Rb8 45. Rb1 Qe8 46. Bd3 Qf7 47. Rbe1
Rbe8 48. Be4 Rb7 49. Bd3 a6 50. f4 exf4 51. Qxf4 Rbe7 52. Re6 Nxe6 53. fxe6 Qf8
54. Qxd6 Ng4 55. Ne4 Ne3+ 56. Kh2 Qf3 57. Qg3 Qxh5+ 58. Qh3 Qe5+ 59. Qg3 Qd4
60. Bb1 Rf8 61. Qg6 Rf4 62. Nf6 Rh4+ 63. Kg1 Ng4+ 64. Kg2 Qf2# 0-1

[Event "Kurz-Open"]
[Site "Buchen"]
[Date "2017.09.09"]
[Round "3.7"]
[White "Hermann, Tobias"]
[Black "Kail, Sindy"]
[Result "1-0"]
[WhiteElo "1933"]
[BlackElo "1883"]
[PlyCount "219"]
[EventDate "2017.??.??"]

1. b3 d5 2. Bb2 c5 3. e3 Nc6 4. Bb5 Qc7 5. Nf3 f6 6. d4 a6 7. Bxc6+ Qxc6 8.
dxc5 Qxc5 9. Ba3 Qa5+ 10. Qd2 Qxd2+ 11. Nbxd2 e5 12. Bxf8 Kxf8 13. c4 Be6 14.
Rc1 Rc8 15. Ke2 Ne7 16. cxd5 Bxd5 17. Rxc8+ Nxc8 18. Rc1 Bc6 19. Nc4 Ke7 20.
Na5 Kd7 21. Nxc6 bxc6 22. Nd2 Nd6 23. Nc4 Nxc4 24. Rxc4 Kc7 25. Rg4 g6 26. h4
f5 27. Rg5 Rf8 28. e4 Kd6 29. exf5 Rxf5 30. Rg4 Rf4 31. Rxf4 exf4 32. Kd3 Kd5
33. b4 c5 34. bxc5 Kxc5 35. Ke4 Kb4 36. Kxf4 Ka3 37. Kg5 Kxa2 38. f4 Kb3 39. h5
a5 40. hxg6 hxg6 41. Kxg6 a4 42. f5 a3 43. f6 a2 44. f7 a1=Q 45. f8=Q Qa6+ 46.
Kg7 Qa1+ 47. Qf6 Qa4 48. Qe6+ Kc3 49. g4 Qa7+ 50. Kh6 Qf2 51. g5 Qf8+ 52. Kg6
Kb4 53. Qe4+ Kc3 54. Kh7 Qf7+ 55. Kh6 Qf8+ 56. Kh5 Qh8+ 57. Kg4 Qc8+ 58. Qf5
Qc4+ 59. Kh5 Qe2+ 60. Kh6 Qh2+ 61. Kg7 Qc7+ 62. Qf7 Qg3 63. g6 Kc2 64. Qf5+ Kb2
65. Qb5+ Kc2 66. Qc6+ Kb1 67. Qb6+ Kc2 68. Kg8 Qg4 69. g7 Qc4+ 70. Kh7 Qh4+ 71.
Qh6 Qe7 72. Qh2+ Kb1 73. Qg1+ Kc2 74. Qf2+ Kb1 75. Qf1+ Kc2 76. Qc4+ Kb2 77.
Kg6 Qe8+ 78. Kh6 Qe3+ 79. Kh5 Qe5+ 80. Kg6 Qe8+ 81. Qf7 Qe4+ 82. Kf6 Qh4+ 83.
Ke6 Qe4+ 84. Kd6 Qb4+ 85. Kc6 Qa4+ 86. Kb6 Qb4+ 87. Ka7 Qa5+ 88. Kb8 Qe5+ 89.
Qc7 Qe8+ 90. Kb7 Qe4+ 91. Kc8 Qe8+ 92. Qd8 Qc6+ 93. Kb8 Qb5+ 94. Ka7 Qa4+ 95.
Kb6 Qb4+ 96. Ka6 Qc4+ 97. Kb7 Qe4+ 98. Kc8 Qc4+ 99. Qc7 Qe6+ 100. Qd7 Qc4+ 101.
Kb7 Qe4+ 102. Kc7 Qc4+ 103. Kb6 Qg8 104. Kc5 Kc1 105. Qg4 Kd2 106. Qb4+ Kd1
107. Qd4+ Ke1 108. Qc3+ Kd1 109. Qf3+ Kc2 110. Qf8 1-0

[Event "Kurz-Open"]
[Site "Buchen"]
[Date "2017.09.09"]
[Round "3.8"]
[White "Nettelbeck, Jann"]
[Black "Herbold, Manfred"]
[Result "1-0"]
[WhiteElo "1815"]
[BlackElo "2170"]
[PlyCount "81"]
[EventDate "2017.??.??"]

1. Nf3 Nf6 2. g3 c5 3. c4 Nc6 4. Bg2 e6 5. Nc3 d5 6. cxd5 Nxd5 7. O-O Be7 8. d4
O-O 9. e4 Nxc3 10. bxc3 Qa5 11. d5 exd5 12. exd5 Rd8 13. Bd2 Nb8 14. c4 Qa6 15.
Qb3 Nd7 16. Rae1 Bf8 17. Bc3 Nb6 18. Ne5 Bf5 19. g4 Bd7 20. Re4 Ba4 21. Qb2 f6
22. f4 Be8 23. Nf3 Nxc4 24. Qb3 Nd6 25. Ree1 b5 26. g5 f5 27. Re6 Bf7 28. g6
Bxe6 29. dxe6 c4 30. gxh7+ Kxh7 31. Ng5+ Kg6 32. Qd1 b4 33. Qf3 bxc3 34. Qg3
Qb6+ 35. Kh1 Kf6 36. Qh4 Qa5 37. Re1 c2 38. Nf7+ Kg6 39. Qg5+ Kh7 40. Qh5+ Kg8
41. Qh8# 1-0

[Event "Kurz-Open"]
[Site "Buchen"]
[Date "2017.09.09"]
[Round "3.9"]
[White "Link, Klaus"]
[Black "Damrich, Alina"]
[Result "1-0"]
[WhiteElo "1998"]
[BlackElo "1748"]
[PlyCount "69"]
[EventDate "2017.??.??"]

1. e4 e5 2. Nf3 Nc6 3. d4 exd4 4. Bc4 d6 5. Nxd4 Be7 6. O-O Nf6 7. Nxc6 bxc6 8.
Nc3 O-O 9. h3 Bb7 10. Qe2 Re8 11. Be3 Qc8 12. Rad1 Rd8 13. Qf3 a5 14. Rfe1 Ba6
15. Bb3 Rb8 16. Bf4 c5 17. e5 dxe5 18. Bxe5 c4 19. Ba4 Rxd1 20. Rxd1 Rb6 21.
Bc6 Qe6 22. Bxf6 Qxf6 23. Qe4 Qe6 24. Bd5 Qxe4 25. Bxe4 Rxb2 26. Rd7 Bd6 27.
Rd8+ Bf8 28. h4 g6 29. h5 gxh5 30. Nd5 c6 31. Nf6+ Kg7 32. Nxh5+ Kh6 33. g4 Be7
34. Rh8 Rxa2 35. f4 1-0

[Event "Kurz-Open"]
[Site "Buchen"]
[Date "2017.09.09"]
[Round "3.10"]
[White "Link, Robert"]
[Black "Schumacher, Ralph"]
[Result "1-0"]
[WhiteElo "1957"]
[BlackElo "1739"]
[PlyCount "67"]
[EventDate "2017.??.??"]

1. d4 b6 2. c4 Bb7 3. Nf3 e6 4. g3 Ne7 5. Bg2 d6 6. O-O Nd7 7. Nc3 g6 8. e4 Bg7
9. Be3 h6 10. Qd2 a6 11. Rac1 Rc8 12. d5 e5 13. Ne1 f5 14. f4 exf4 15. Bxf4 g5
16. Be3 O-O 17. Nc2 Rf7 18. Nd4 Nf8 19. Nce2 c5 20. Nxf5 Nxf5 21. exf5 Qf6 22.
Nc3 Re8 23. Ne4 Qd8 24. Rce1 Nh7 25. Re2 Re5 26. Qe1 Nf6 27. Bd2 Nxe4 28. Bxe4
Re8 29. f6 Rxf6 30. Bh7+ Kf8 31. Bc3 Rxe2 32. Qxe2 Rf7 33. Rxf7+ Kxf7 34. Qe6+
1-0

[Event "Kurz-Open"]
[Site "Buchen"]
[Date "2017.09.09"]
[Round "3.11"]
[White "Gruenert, Thomas"]
[Black "Koelle, Tobias"]
[Result "0-1"]
[WhiteElo "1749"]
[BlackElo "1953"]
[PlyCount "66"]
[EventDate "2017.??.??"]

1. d4 d5 2. Nf3 Nf6 3. c4 c6 4. Nc3 e6 5. Bg5 h6 6. Bd2 dxc4 7. e4 b5 8. Qc2
Bb7 9. e5 Nd5 10. a3 Nxc3 11. bxc3 Be7 12. Be2 O-O 13. O-O c5 14. Qb2 a6 15.
Rad1 cxd4 16. Nxd4 Qc7 17. Bf3 Bxf3 18. Nxf3 Nd7 19. Qc1 Rfd8 20. Bf4 Nc5 21.
Qe3 Rxd1 22. Rxd1 Rd8 23. Rd6 Rxd6 24. exd6 Bxd6 25. Bxh6 gxh6 26. Qxh6 Bf8 27.
Qh5 Bg7 28. Ng5 Bxc3 29. h4 Bg7 30. Qf3 c3 31. Qa8+ Bf8 32. Qf3 c2 33. Qc3 Nd3
0-1

[Event "Kurz-Open"]
[Site "Buchen"]
[Date "2017.09.09"]
[Round "3.12"]
[White "Wambach, Juergen"]
[Black "Seeger, Alexandra"]
[Result "1-0"]
[WhiteElo "1948"]
[BlackElo "1615"]
[PlyCount "51"]
[EventDate "2017.??.??"]

1. c4 e5 2. g3 Nf6 3. Nc3 c5 4. Bg2 Nc6 5. e3 Be7 6. Nge2 O-O 7. d3 d6 8. h3
Rb8 9. O-O Bd7 10. b3 Qc8 11. Kh2 h6 12. Bb2 Nh7 13. f4 exf4 14. gxf4 Bf6 15.
Qd2 Qd8 16. Ng3 Bh4 17. Nge4 Bf5 18. Rg1 a6 19. Bf3 Ne7 20. Qg2 Ng6 21. Nd5 b5
22. Rad1 Be7 23. Ng3 Nh4 24. Nxe7+ Kh8 25. Bxg7+ Kxg7 26. Nh5+ 1-0

[Event "Kurz-Open"]
[Site "Buchen"]
[Date "2017.09.09"]
[Round "3.13"]
[White "Schallner, Marc"]
[Black "Trunk, Mika"]
[Result "1-0"]
[WhiteElo "1938"]
[BlackElo "1572"]
[Annotator "RS"]
[PlyCount "59"]
[EventDate "2017.??.??"]

1. e4 e5 2. Nf3 Nc6 3. Bc4 Bc5 4. d3 d6 5. Ng5 Nh6 6. h3 Na5 7. Bb3 Nxb3 8.
axb3 Qf6 9. O-O Qg6 10. Kh2 f6 11. Nf3 O-O 12. Nc3 Be6 13. Nh4 Qf7 {
Remisangebot.} 14. Bxh6 gxh6 15. Qf3 Kh8 16. Ne2 f5 17. Nxf5 Bxf5 18. exf5 Qxf5
19. Qxb7 Bb6 20. Kh1 Qg5 21. Rad1 Rab8 {Remisangebot.} 22. Qc6 Rxf2 23. Rxf2
Bxf2 24. Qxc7 Rg8 25. Qc6 Qe3 26. Qe4 Qc5 27. Rf1 Bd4 28. Rf7 Rg7 29. Rf8+ Rg8
30. Qa8 1-0

[Event "Kurz-Open"]
[Site "Buchen"]
[Date "2017.09.09"]
[Round "3.14"]
[White "Blank, Stefan"]
[Black "Lorch, Stephan"]
[Result "1-0"]
[WhiteElo "1882"]
[BlackElo "1327"]
[PlyCount "93"]
[EventDate "2017.??.??"]

1. e4 c5 2. Nf3 Nc6 3. d3 e6 4. g3 Qc7 5. Bg2 g6 6. O-O Bg7 7. Nbd2 Nge7 8. a4
O-O 9. Nc4 d6 10. c3 e5 11. Nh4 Be6 12. Ne3 Rad8 13. f4 exf4 14. gxf4 f5 15.
exf5 Nxf5 16. Nhxf5 gxf5 17. Rf3 Ne7 18. c4 d5 19. Qc2 Nc6 20. Rg3 Nd4 21. Qf2
Qxf4 22. Nxd5 Qxf2+ 23. Kxf2 Kh8 24. Nf4 Be5 25. Rh3 Bf7 26. Rb1 Nc2 27. Bd5
Bd4+ 28. Ke2 Be5 29. Bxf7 Nd4+ 30. Kf2 Bxf4 31. Bxf4 Rxf7 32. Be5+ Kg8 33. Rg1+
Kf8 34. Rhg3 Ne6 35. Rg8+ Ke7 36. Rxd8 Nxd8 37. Bf4 Ne6 38. Re1 Kd7 39. Bd2 b6
40. Bc3 h5 41. b4 Rf8 42. b5 Nf4 43. Kf3 Ng6 44. a5 Rf7 45. Ra1 Kc7 46. axb6+
Kxb6 47. Ra6+ 1-0

[Event "Kurz-Open"]
[Site "Buchen"]
[Date "2017.09.09"]
[Round "3.15"]
[White "Nieke, Karl-Friedrich"]
[Black "Herwig, Carsten"]
[Result "1/2-1/2"]
[WhiteElo "1695"]
[BlackElo "1841"]
[PlyCount "47"]
[EventDate "2017.??.??"]

1. d4 d5 2. Nf3 Nf6 3. e3 Bg4 4. Bd3 Nbd7 5. Nbd2 e6 6. Qe2 c5 7. c3 Bd6 8. O-O
O-O 9. dxc5 Nxc5 10. h3 Nxd3 11. Qxd3 Bf5 12. Qe2 e5 13. Rd1 Qe7 14. Nf1 Rac8
15. Ng3 Bd7 16. e4 dxe4 17. Nxe4 Nxe4 18. Qxe4 Bc6 19. Qe2 f5 20. Bg5 Qc7 21.
Qc4+ Kh8 22. Qe6 Bxf3 23. Rxd6 Rfe8 24. Qd7 1/2-1/2

[Event "Kurz-Open"]
[Site "Buchen"]
[Date "2017.09.09"]
[Round "3.16"]
[White "Dosch, Steffen"]
[Black "Damrich, Peter"]
[Result "1-0"]
[WhiteElo "1824"]
[BlackElo "986"]
[Annotator "RS"]
[PlyCount "65"]
[EventDate "2017.??.??"]

1. Nf3 g6 2. e4 d6 3. d4 Bg7 4. Bc4 e6 5. O-O Nd7 6. Bg5 Ngf6 7. e5 dxe5 8.
dxe5 Nxe5 9. Qxd8+ Kxd8 10. Nxe5 Ke7 11. Ng4 h5 12. Bxf6+ Bxf6 13. Nxf6 Kxf6
14. Rd1 b6 15. Nc3 a6 16. Rd4 Bb7 17. Rad1 b5 18. Bf1 c5 19. Rd7 Bc6 20. R7d6
Bb7 21. g3 h4 {Remisangebot.} 22. Bg2 Bxg2 23. Kxg2 hxg3 24. hxg3 Rh6 25. Ne4+
Kg7 26. Nxc5 Rah8 27. Rxa6 g5 28. Kf3 Rf6+ 29. Ke3 g4 30. Rd4 Rf3+ 31. Ke2 Rh2
32. Rxg4+ Kf8 33. Kxf3 1-0

[Event "Kurz-Open"]
[Site "Buchen"]
[Date "2017.09.09"]
[Round "3.17"]
[White "Kail, Thomas"]
[Black "Englert, Fred"]
[Result "1/2-1/2"]
[WhiteElo "1648"]
[BlackElo "1786"]
[Annotator "RS"]
[PlyCount "66"]
[EventDate "2017.??.??"]

1. e4 c6 2. d4 d5 3. Nd2 dxe4 4. Nxe4 g6 5. Nf3 Bg7 6. h3 Nd7 7. Bc4 Ngf6 8.
Nxf6+ Nxf6 9. O-O O-O 10. a3 Qc7 11. Re1 e6 12. g3 b5 13. Bf4 Qb6 14. Ba2 Bb7
15. b4 Rad8 16. c3 Nd5 17. Bd2 Ba8 18. Bxd5 Rxd5 19. Be3 Qb7 20. Kh2 Rfd8 21.
Qe2 Bf6 22. Rg1 Qd7 23. Bf4 Bb7 24. Ne5 Qe8 25. Nd3 {Remisangebot.} Bc8 26. Be5
Bg7 27. Bxg7 Kxg7 28. Rae1 Qd7 29. Ne5 Qc7 30. f4 f6 31. Nd3 Qd7 32. Nc5 Rxc5
33. dxc5 e5 1/2-1/2

[Event "Kurz-Open"]
[Site "Buchen"]
[Date "2017.09.09"]
[Round "3.18"]
[White "Schnell, Franz"]
[Black "Doerr, Matthias"]
[Result "1-0"]
[WhiteElo "1776"]
[BlackElo "1396"]
[PlyCount "163"]
[EventDate "2017.??.??"]

1. d4 d5 2. Bf4 Nf6 3. e3 Bf5 4. Bd3 Qd7 5. Nc3 c6 6. Nf3 h6 7. Ne5 Qc8 8. h3
e6 9. O-O Bb4 10. Ne2 O-O 11. c3 Ba5 12. Bg3 Nbd7 13. Qc2 Bxd3 14. Qxd3 Bc7 15.
f3 Bd6 16. Rac1 Qc7 17. f4 Ne4 18. Bh2 Rac8 19. c4 f6 20. Ng6 Rfe8 21. c5 Be7
22. f5 Qd8 23. fxe6 Nf8 24. Nxf8 Bxf8 25. Nf4 Kh7 26. b4 g5 27. Nh5 Rxe6 28.
Rf3 Kg6 29. Ng3 Kg7 30. Nf5+ Kg6 31. Rcf1 Bg7 32. g4 b6 33. Nd6 Rb8 34. Nf5 Rb7
35. a3 Rd7 36. Ng3 Rf7 37. Rf5 Qe8 38. R1f3 Kh7 39. Rf1 Kg8 40. R5f3 Rfe7 41.
Nf5 Rd7 42. Rd1 Rd8 43. Qa6 Ra8 44. Qb7 Bf8 45. Rd3 Qc8 46. Qc7 Qxc7 47. Bxc7
Rc8 48. cxb6 axb6 49. Bxb6 Rb8 50. Ba5 Kh7 51. Rf1 Kg6 52. Kg2 h5 53. Rfd1 Rbe8
54. Kf3 h4 55. Rb1 Ng3 56. Nxg3 hxg3 57. Re1 Bd6 58. Bb6 Rh8 59. Rh1 f5 60.
gxf5+ Kxf5 61. Bc5 g4+ 62. hxg4+ Kg5 63. Rxh8 Rf6+ 64. Kg2 Rf2+ 65. Kg1 Bxc5
66. bxc5 Kxg4 67. Rg8+ Kf3 68. e4+ Kxe4 69. Rgxg3 Ra2 70. Rge3+ Kf4 71. Re1 Kf5
72. Rf3+ Kg4 73. Rd3 Kf4 74. Rh3 Kf5 75. Ree3 Kf4 76. Ref3+ Ke4 77. Rd3 Kf4 78.
Rh2 Ra1+ 79. Kg2 Re1 80. Kf2 Ra1 81. Rf3+ Ke4 82. Rh4# 1-0

[Event "Kurz-Open"]
[Site "Buchen"]
[Date "2017.09.09"]
[Round "3.19"]
[White "Elancev, Kai"]
[Black "Simon, Manuel"]
[Result "1/2-1/2"]
[WhiteElo "1112"]
[BlackElo "1582"]
[PlyCount "63"]
[EventDate "2017.??.??"]

1. d4 Nf6 2. c4 g6 3. Nf3 Bg7 4. g3 O-O 5. Bg2 d6 6. Nbd2 Nbd7 7. O-O e5 8. e4
Ne8 9. d5 a5 10. Qc2 Nc5 11. b3 f5 12. Re1 h6 13. Ba3 g5 14. h3 f4 15. g4 Bf6
16. Bxc5 dxc5 17. Rad1 Qd6 18. Nb1 Ng7 19. Nc3 h5 20. gxh5 Nxh5 21. Nh2 Rf7 22.
Rd3 Rg7 23. Qe2 Rh7 24. Bf3 Ng7 25. Bg4 Bxg4 26. Nxg4 Rf8 27. Nb5 Qd7 28. Red1
Ne8 29. Qf3 Nd6 30. a4 Kg7 31. Kg2 Rfh8 32. Qe2 1/2-1/2